Generation 9 Pokedex - Statistics

General Stats
  • This quiz has been taken 7 times
  • The average score is 61 of 128
Answer Stats
Answer % Correct
Fuecoco
100%
Sprigatito
100%
Floragato
86%
Meowscarada
86%
Pawmi
86%
Pawmo
86%
Pawmot
86%
Quaxly
86%
Skeledirge
86%
Baxcalibur
71%
Crocalor
71%
Flamigo
71%
Frigibax
71%
Iron Valiant
71%
Kingambit
71%
Koraidon
71%
Miraidon
71%
Quaquaval
71%
Quaxwell
71%
Roaring Moon
71%
Annihilape
57%
Arboliva
57%
Arctibax
57%
Brute Bonnet
57%
Cetitan
57%
Chien-Pao
57%
Chi-Yu
57%
Clodsire
57%
Dolliv
57%
Dondozo
57%
Dudunsparce
57%
Finizen
57%
Great Tusk
57%
Hydrapple
57%
Iron Bundle
57%
Iron Jugulis
57%
Iron Leaves
57%
Iron Moth
57%
Iron Thorns
57%
Lokix
57%
Mabosstiff
57%
Maushold
57%
Nymble
57%
Palafin
57%
Pecharunt
57%
Poltchageist
57%
Raging Bolt
57%
Revavroom
57%
Scream Tail
57%
Smoliv
57%
Spidops
57%
Tandemaus
57%
Tarountula
57%
Tatsugiri
57%
Varoom
57%
Veluza
57%
Archaludon
43%
Bellibolt
43%
Bombirdier
43%
Brambleghast
43%
Bramblin
43%
Ceruledge
43%
Charcadet
43%
Cyclizar
43%
Dachsbun
43%
Dipplin
43%
Farigiraf
43%
Fidough
43%
Flutter Mane
43%
Gholdengo
43%
Gimmighoul
43%
Glimmet
43%
Glimmora
43%
Gouging Fire
43%
Greavard
43%
Iron Boulder
43%
Iron Crown
43%
Iron Hands
43%
Iron Treads
43%
Lechonk
43%
Maschiff
43%
Munkidori
43%
Ogerpon
43%
Oinkologne
43%
Okidogi
43%
Rabsca
43%
Rellor
43%
Sandy Shocks
43%
Scovillain
43%
Slither Wing
43%
Squawkabilly
43%
Tadbulb
43%
Terapagos
43%
Ting-Lu
43%
Toedscool
43%
Toedscruel
43%
Walking Wake
43%
Wiglett
43%
Wo-Chien
43%
Wugtrio
43%
Armarogue
29%
Capsakid
29%
Dunsparce
29%
Espathra
29%
Flittle
29%
Garganacl
29%
Girafarig
29%
Kilowattrel
29%
Nacli
29%
Naclstack
29%
Tinkatink
29%
Tinkaton
29%
Tinkatuff
29%
Wattrel
29%
Wooper
29%
Applin
14%
Bisharp
14%
Duraludon
14%
Grafaiai
14%
Klawf
14%
Mankey
14%
Orthworm
14%
Pawniard
14%
Primeape
14%
Shroodle
14%
Cetottle
0%
Fezandipti
0%
Sinstcha
0%
No matching quizzes found
Score Distribution
Percent of People with Each Score
Percentile by Number Answered
Your Score History
You have not taken this quiz